[Event "2nd Stars Cup 2017"]
[Site "Anzali"]
[Date "2017.07.16"]
[Round "5"]
[White "Van Wely, Loek"]
[Black "Firouzja, Alireza"]
[Result "0-1"]
[WhiteElo "2675"]
[BlackElo "2499"]
[Annotator "TA"]
[PlyCount "90"]
[EventDate "2017.??.??"]
[EventType "schev"]
[EventCountry "IRI"]
[SourceTitle "playchess.com"]
[Source "ChessBase"]
[SourceQuality "1"]

{[%evp 26,90,4,0,0,0,0,0,0,-12,0,0,0,0,0,-28,-18,-31,-14,-87,-48,-69,-33,-52,-46,-157,-172,-288,-295,-393,-406,-397,0,-732,-729,-716,-715,-697,29994,-700,-677,-691,-678,-660,-669,-656,-627,-749,-719,-705,-677,-650,-697,-996,-800,-29969,-29973,-12844,-4927,-4927,-4910,-1285,-1231,-29957,-4806,-29980,-29981]} 1. d4 Nf6 2. c4 g6 3. Nf3 Bg7 4. g3 O-O 5. Bg2 d5 6. cxd5 Nxd5 7. O-O Nb6 8. Nc3 Nc6 9. d5 Na5 10. Qc2 Nxd5 11. Rd1 c6 12. Ne1 {D76: Fianchetto Grünfeld: Main Line with 7...Nb6} Bxc3 13. bxc3 Qc7 14. c4 {LiveBook: 4 Games. The position is equal.} Nb6 {[#]} 15. c5 $146 ({Predecessor:} 15. Qc3 Nbxc4 16. Bh6 f6 17. Bxf8 Kxf8 18. Nf3 Kg7 {½-½ (18) Brodda,W (2591)-Borstnik,A (2504) ICCF email 2010}) 15... Nbc4 16. Bh6 Re8 $1 17. Nf3 f6 18. Rd4 Be6 19. Bf4 Qc8 $1 20. Rad1 b5 21. Nh4 $1 Kf7 22. Qe4 (22. Be4 $11 Rg8 23. Bd3) 22... Kg7 {...g5 is the strong threat.} 23. Bc1 g5 (23... a6 $5 {[%cal Rg6g5]} 24. Bf3 Ne5 $17) 24. Qc2 $1 gxh4 {[#]} 25. Rxh4 (25. Bh6+ $1 $15 {[%mdl 512]} Kh8 (25... Kxh6 26. Rxh4+) 26. Rxh4) 25... Bf5 26. Be4 (26. Bh6+ $142 Kf7 27. e4) 26... Bg6 $1 $19 27. Rxh7+ Bxh7 28. Bxh7 Qg4 $2 (28... Ne5 $1 $19 29. f4 Rh8) 29. Rd4 $2 {[%mdl 8192]} (29. Bf5 $11 Na3 30. Bxa3 (30. Bxg4 $2 {too greedy.} Nxc2 31. Bf5 Nb4 $19)) 29... Qxd4 30. Qg6+ Kh8 31. Qh6 {[#]} Qd1+ $1 32. Kg2 {[#] Intending Bf5+ and mate.} Qxc1 $1 33. e3 {[#]} (33. Qxc1 Kxh7) 33... Nxe3+ $1 34. fxe3 {[#]} Qxe3 $1 35. Qxe3 {White threatens Qh6 and mate.} Kxh7 36. h4 Kg7 37. Qe4 Nc4 38. Qxc6 Ne5 39. Qxb5 Reb8 40. Qa6 Rb2+ 41. Kh3 Kf7 42. Qa3 Rb1 43. Qc3 Rd8 44. c6 Rd3 (44... Rh1+ $142 45. Kg2 Rhd1 46. c7 R8d2+ 47. Qxd2 Rxd2+ 48. Kf1 Rc2 49. Ke1 Rxc7 50. Kd2 Rc4 51. Ke3 Rc3+ 52. Kf2 Rc2+ 53. Ke3 Rxa2 54. g4 a5 55. Kd4 Rc2 56. g5 a4 57. h5 Rc4+ 58. Ke3 fxg5 59. h6 a3 60. h7 Kg7 61. Kd2 a2 62. h8=Q+ Kxh8 63. Ke3 a1=Q 64. Kf2 Qb2+ 65. Ke3 Ng4+ 66. Kf3 Qf2#) 45. Qc5 Rd2 {Precision: White = 40%, Black = 60%.} 0-1

[Event "2nd Stars Cup 2017"]
[Site "Anzali"]
[Date "2017.07.16"]
[Round "5"]
[White "Sokolov, Ivan"]
[Black "Ghaem Maghami, Ehsan"]
[Result "1-0"]
[WhiteElo "2626"]
[BlackElo "2556"]
[Annotator "TA"]
[PlyCount "124"]
[EventDate "2017.??.??"]
[EventType "schev"]
[EventCountry "IRI"]
[SourceTitle "playchess.com"]
[Source "ChessBase"]
[SourceQuality "1"]

{[%evp 14,124,43,37,47,42,40,35,36,44,39,37,39,23,17,22,44,50,50,51,33,25,58,56,64,55,64,83,163,162,175,165,143,33,56,81,156,147,141,147,235,219,201,168,247,245,250,248,217,233,227,227,471,464,447,449,359,134,189,177,328,287,308,318,348,353,364,345,364,365,364,364,355,332,351,346,308,188,12841,218,12842,12843,12843,12843,12844,12844,12845,12846,12848,12848,12850,12851,12851,12851,12851,12851,12851,0,12851,29953,12851,12851,12851,12851,29967,29968,12851,29971,12851,29981,12851,29983,12851]} 1. d4 Nf6 2. Nf3 e6 3. c4 Bb4+ 4. Bd2 Bxd2+ 5. Qxd2 O-O 6. g3 Qe7 7. Bg2 d6 8. Nc3 d5 $146 {E11: Bogo-Indian} ({Predecessor:} 8... e5 9. O-O Re8 10. e4 c6 11. Rfe1 Na6 12. h3 Nc7 13. Rad1 b6 14. b4 Bb7 15. c5 exd4 16. Nxd4 dxc5 17. Nf5 Qf8 18. bxc5 Qxc5 19. e5 Rad8 20. Qxd8 Rxd8 21. Rxd8+ Nfe8 22. Ne4 Qb4 23. Red1 Qa4 24. R1d7 {1-0 (24) Prohaszka,P (2592)-Kazakovskiy,V (2454) Fagernes 2017}) 9. O-O Rd8 10. Rfd1 Nbd7 {White is slightly better.} 11. Qd3 b6 12. cxd5 exd5 13. Nh4 {[%cal Bf3h4,Bh4f5,Bf5h6][%mdl 32]} (13. Ng5 $5 {[%cal Rc3d5]} c6 14. Rac1 $11) 13... Nf8 14. Rac1 Bb7 15. Nf5 Qd7 16. g4 Ng6 17. Qf3 Re8 18. h4 {[%cal Bh2h4,Bh4h5][%mdl 32]} c6 19. h5 Ne7 20. Nh6+ $1 Kf8 (20... gxh6 $16 21. Qxf6 Rad8) 21. g5 $18 Neg8 {[#]} 22. Bh3 $1 {[%cal Rh3d7]} Qd8 23. gxf6 $40 {[%mdl 128] White has some attack.} (23. Nf5 $16) 23... gxh6 24. Nb5 $1 Qxf6 (24... cxb5 $142 25. Qa3+ Ne7) 25. Nc7 $16 Qxf3 26. exf3 Re2 (26... Nf6 $16 27. Nxa8 Bxa8) 27. Nxa8 $18 Bxa8 28. Bd7 Rxb2 (28... Nf6 $142) 29. Re1 (29. Bxc6 $6 Bxc6 30. Rxc6 Rxa2 $16) 29... Nf6 30. Bxc6 Bxc6 31. Rxc6 Nxh5 {[%mdl 4096] Endgame KRR-KRN} 32. Rc7 (32. Rxh6 $6 Nf4 $16) 32... Rxa2 $2 (32... Kg7 {keeps fighting.} 33. Rxa7 Kg6) 33. Ree7 Kg7 34. Rxf7+ Kg6 35. Rxa7 $2 ({Weaker is} 35. Rxh7 Ra1+ 36. Kg2 Rd1 $16) (35. Rfe7 $18 {is the precise move to win.}) 35... Rd2 {[#]} (35... Rxa7 $16 36. Rxa7 Nf4) 36. Rf8 $1 Rxd4 $2 (36... Rd1+ {is a better defense.} 37. Kg2 Rxd4 38. Rg8+ Kf6) 37. Rg8+ Kf5 38. Rf7+ Ke5 39. Re8+ ({Not} 39. Rxh7 Rd1+ 40. Kg2 Nf4+ 41. Kh2 Rd3 $16) 39... Kd6 40. Rxh7 Nf4 41. Rxh6+ Kc5 42. Rc8+ Kb5 43. Rb8 Kc5 44. Rbxb6 {[%csl Gb6][%cal Rh6c6]} ({Don't do} 44. Rhxb6 Rd1+ 45. Kh2 Nd3 $18) 44... Rd3 45. Rhf6 Rxf3 $2 (45... Nh3+ 46. Kh2 Nxf2 47. Rfc6+ Kd4) 46. Rbe6 $2 (46. Ra6 {Kf1 is the strong threat.} Kd4 47. Kf1) 46... Kd4 $2 (46... d4 47. Kf1 Nxe6 48. Rxf3 Kd5) 47. Kf1 Kd3 48. Re8 Kd4 49. Rf5 Kd3 50. Rfe5 Kc4 51. Re3 Rxe3 52. Rxe3 {KR-KN} d4 53. Re4 Nd5 54. Re5 Nc3 55. Ke1 d3 $2 {[%mdl 8192]} (55... Kd3 $11) 56. f4 {[%cal Bf2f4,Bf4f5,Bf5f6][%mdl 32]} Kd4 57. Re8 Ne4 58. f5 {White threatens Rxe4+! and mate.} Nd6 59. f6 Kc3 60. Kd1 d2 61. Re3+ Kd4 62. Re7 (62. Kxd2 $18 Kc5 63. Re7 Nc4+ 64. Kd3) 62... Kd5 {Precision: White = 79%, Black = 33%.} 1-0

[Event "2nd Stars Cup 2017"]
[Site "Anzali"]
[Date "2017.07.16"]
[Round "5"]
[White "Wen, Yang"]
[Black "Tabatabaei, M amin"]
[Result "0-1"]
[WhiteElo "2617"]
[BlackElo "2509"]
[Annotator "TA"]
[PlyCount "75"]
[EventDate "2017.??.??"]
[EventType "schev"]
[EventCountry "IRI"]
[SourceTitle "playchess.com"]
[Source "ChessBase"]
[SourceQuality "1"]

{[%evp 28,75,5,8,14,0,0,0,6,0,0,9,2,0,0,0,0,0,0,0,0,0,0,0,0,0,0,0,0,0,0,-279,-221,-507,-512,-499,-510,-503,-503,-472,-384,-675,-671,-754,-740,-29972,-29973,-6245,-6111,-29991]} 1. Nf3 Nf6 2. c4 g6 3. b3 Bg7 4. Bb2 c5 5. g3 b6 6. Bg2 Bb7 7. O-O O-O 8. Nc3 d5 9. Nxd5 Nxd5 10. Bxg7 Kxg7 11. cxd5 Qxd5 12. d4 cxd4 13. Qxd4+ Qxd4 14. Nxd4 Bxg2 {A30: Symmetrical English: Double Fianchetto and Hedgehog} 15. Kxg2 {LiveBook: 70 Games} Nd7 (15... a5 16. Rac1 Na6 17. Rc6 Rab8 18. a3 Rfd8 19. e3 Rb7 20. f4 Nc5 21. Kf3 Re8 22. b4 axb4 23. axb4 {½-½ (40) Pantsulaia,L (2607)-Vachier Lagrave,M (2804) Doha 2016}) 16. Rfd1 Nf6 {The position is equal.} 17. Rac1 Rac8 $146 ({Predecessor:} 17... Rfc8 18. Nb5 a5 19. Kf3 h5 20. h3 Rxc1 21. Rxc1 Rd8 22. Rc2 {½-½ (29) Andersson,U (2521)-Henderson de la Fuente,L (2362) Bad Wiessee 2016}) 18. Nb5 Rxc1 19. Rxc1 $11 {[%mdl 4096] Endgame KRN-KRN} Rd8 20. Nxa7 Rd2 21. a4 Rxe2 22. Rc6 Rb2 23. Rxb6 Ng4 24. Nc6 (24. h3 $5 {[%cal Rh3g4]} Nxf2 25. a5 $11) 24... e5 25. h3 Nxf2 {next ...e4 is good for Black.} 26. Kf3 e4+ 27. Ke3 f5 $1 28. Rb7+ Kf6 {Strongly threatening ...Nd1+.} 29. Rd7 $2 {[%mdl 8192] [#]} (29. Rb6 $11) 29... Nxh3 30. b4 $2 (30. Rd6+ {keeps fighting.} Kg5 31. b4 Rb3+ 32. Kd4 Rxg3 33. a5 Rd3+ 34. Kc5 Rxd6 35. Kxd6) 30... Rb3+ $19 31. Kd2 Rxg3 32. b5 e3+ 33. Kc2 e2 34. Re7 $2 (34. Rd6+ Kg5 35. Re6) 34... Nf4 35. b6 {[#] Hoping for b7.} Nd5 36. b7 Nxe7 37. b8=Q e1=Q {( -> ...Qf2+)} 38. Qh8+ {Precision: White = 38%, Black = 89%.} 0-1

[Event "2nd Stars Cup 2017"]
[Site "Anzali"]
[Date "2017.07.16"]
[Round "5"]
[White "Maghsoodloo, Parham"]
[Black "Bruzon Batista, Lazaro"]
[Result "1/2-1/2"]
[WhiteElo "2584"]
[BlackElo "2653"]
[Annotator "TA"]
[PlyCount "60"]
[EventDate "2017.??.??"]
[EventType "schev"]
[EventCountry "IRI"]
[SourceTitle "playchess.com"]
[Source "ChessBase"]
[SourceQuality "1"]

{[%evp 18,60,10,6,15,-8,-5,-5,-9,-18,-11,-12,-16,-60,-29,-65,-63,-67,-56,-74,-74,-74,-70,-70,-64,-82,-69,-68,-43,-64,-29,-31,-37,-60,-31,-44,0,-74,-55,-49,0,-68,0,-62,0]} 1. Nf3 Nf6 2. g3 d5 3. Bg2 e6 4. O-O Be7 5. d3 O-O 6. Nbd2 a5 {A07: Réti Opening: New York and Capablanca Systems} 7. a4 (7. c3 a4 8. Qc2 c5 9. e4 Nc6 10. Rd1 b5 11. Nf1 Qb6 12. Bf4 b4 13. Ne5 Bb7 14. Nxc6 Bxc6 {1-0 (30) Vachier Lagrave,M (2796)-Kramnik,V (2808) Stavanger 2017}) 7... b6 8. b3 Bb7 9. Bb2 Nbd7 10. e3 {LiveBook: 5 Games} Re8 11. Nd4 $146 ({Predecessor:} 11. Qe2 Bf8 12. e4 dxe4 13. dxe4 Nc5 14. Rad1 {1-0 (37) Sasikiran,K (2573)-Bischoff,K (2556) Hastings 2001}) 11... e5 12. Nf5 Bf8 13. g4 {[#] And now g5 would win.} g6 14. Ng3 {g5 is the strong threat.} h6 15. h3 Bg7 16. Qe2 Nc5 17. Rfd1 Nfd7 18. Nb1 Ne6 19. Qf1 c6 20. Nc3 Qh4 21. Nce2 Rad8 22. Rab1 Ba8 23. Bc3 c5 24. Be1 Qe7 25. Bh1 Bh8 26. Bg2 Bg7 27. Bh1 Nc7 28. Bg2 Ne6 29. Nc3 (29. Bh1 $11) 29... Nc7 30. Nce2 $1 Ne6 {Precision: White = 62%, Black = 47%.} (30... Na6 $15) 1/2-1/2

[Event "2nd Stars Cup 2017"]
[Site "Anzali"]
[Date "2017.07.16"]
[Round "5"]
[White "Mosadeghpour, Masoud"]
[Black "Shirov, Alexei"]
[Result "0-1"]
[WhiteElo "2469"]
[BlackElo "2656"]
[Annotator "TA"]
[PlyCount "94"]
[EventDate "2017.??.??"]
[EventType "schev"]
[EventCountry "IRI"]
[SourceTitle "playchess.com"]
[Source "ChessBase"]
[SourceQuality "1"]

{[%evp 19,94,3,1,-4,0,8,6,0,0,12,19,0,0,0,0,-5,-4,-15,-14,-14,-18,-21,-17,-47,-20,-19,-15,-7,-7,-12,-12,-12,-12,-9,-18,-6,-36,-37,-37,-67,-62,-85,-67,-75,-72,-74,-71,-131,-118,-132,-121,-123,-127,-122,-117,-118,-117,-117,-116,-197,-197,-197,-197,-191,-184,-264,-261,-744,-752,-680,-658,-924,-928,-939,-921,-855,-403]} 1. e4 e5 2. Nf3 Nc6 3. Bb5 a6 4. Ba4 Nf6 5. O-O b5 6. Bb3 Bc5 7. Nxe5 Nxe5 8. d4 Bxd4 9. Qxd4 d6 10. f4 c5 {LiveBook: 21 Games. C78: Ruy Lopez: Archangelsk and Möller Defences} (10... Nc6 11. Qc3 Ne7 12. Qe1 O-O 13. e5 Nfd5 14. f5 dxe5 15. Qxe5 c6 16. Nc3 f6 17. Qe4 Kh8 {½-½ (17) Iermito,S (2482)-Perez Ponsa,F (2576) Buenos Aires 2015}) 11. Qd2 c4 {[#] And now ...Nc6 would win.} 12. fxe5 Qb6+ {The position is equal.} 13. Qe3 Qxe3+ 14. Bxe3 dxe5 15. Bxc4 (15. Bh6 $5 {[%cal Rh6g7]} O-O 16. Bxc4 bxc4 17. Rxf6 $11) 15... bxc4 16. Nc3 $146 ({Predecessor:} 16. Nd2 Be6 {½-½ (16) Lukyanenko,A (2441)-Dolya,A (2361) ICCF email 2012}) 16... Rb8 17. b3 Bb7 18. Rf5 (18. Bh6 $5 {[%cal Rh6g7]} O-O 19. Rxf6 $11) 18... O-O 19. Bc5 Rfe8 20. Re1 cxb3 21. cxb3 Nd7 22. Bb4 f6 23. Rf2 Nf8 24. Rd2 Ne6 25. Ba5 Rec8 26. Nd5 Bxd5 27. exd5 Nf8 28. Re4 Rb5 29. b4 Nd7 30. Ree2 Kf7 31. a4 Rc1+ 32. Kf2 Rb8 33. d6 ({White should try} 33. Ra2) 33... Ke6 $17 34. Rc2 Ra1 35. Rc7 Rxa4 36. Rec2 Rb5 37. Rc8 {Re8+ would now be nice for White.} Rd5 38. Re8+ Kf5 39. Bc7 (39. Re7 $17 {is a better defense.} Rxd6 40. Rxg7) 39... Rxb4 $19 40. Re7 {[#]} Nc5 $1 41. Rxg7 h5 42. h3 (42. g3 $142) 42... Ne4+ 43. Kf3 $2 (43. Ke1 Rbd4 44. Rc1) 43... Rb3+ {Black is clearly winning.} 44. Ke2 Kf4 {( -> ...Re3+)} 45. g3+ Nxg3+ 46. Kf2 Ne4+ 47. Kg2 Rbd3 {Precision: White = 49%, Black = 90%.} (47... Rb1 $142 48. d7 Rdd1 49. Rf2+ Nxf2) 0-1

[Event "2nd Stars Cup 2017"]
[Site "Anzali"]
[Date "2017.07.16"]
[Round "5"]
[White "Mousavi, Seyed Khalil"]
[Black "Safarli, Eltaj"]
[Result "0-1"]
[WhiteElo "2424"]
[BlackElo "2641"]
[Annotator "TA"]
[PlyCount "74"]
[EventDate "2017.??.??"]
[EventType "schev"]
[EventCountry "IRI"]
[SourceTitle "playchess.com"]
[Source "ChessBase"]
[SourceQuality "1"]

{[%evp 11,74,9,14,20,21,3,12,19,29,19,16,18,21,14,9,5,53,39,50,39,40,21,56,54,55,53,54,60,51,0,0,0,0,0,0,0,0,0,191,-17,22,22,22,30,28,15,23,47,62,-193,-192,-201,-199,-187,-201,-246,-249,-773,-317,-346,-333,-688,-688,-29992,-29993]} 1. c4 e5 2. Nc3 Nf6 3. Nf3 Nc6 4. e3 Bb4 5. Qc2 Bxc3 6. Qxc3 d6 {LiveBook: 8 Games. A28: English Opening: Four Knights Variation} 7. b4 O-O 8. Bb2 Re8 {The position is equal.} (8... e4 $5 {[%cal Re4f3]} 9. b5 Ne7 $11) (8... Bg4 9. b5 Ne7 10. d4 e4 11. Nd2 Ng6 {1-0 (55) Korobov,A (2695)-Tari,A (2597) Dubai 2017}) 9. Be2 $146 ({Predecessor:} 9. b5 Ne7 10. Be2 a6 11. a4 axb5 12. axb5 Rxa1+ 13. Bxa1 c5 14. bxc6 Nxc6 {½-½ (43) Stripunsky,A (2551)-Benjamin,J (2547) Albany 2013}) 9... Bf5 10. O-O Ne4 11. Qb3 Bg4 {[#] Strongly threatening ...Bxf3.} 12. Qc2 Nf6 13. b5 Ne7 14. h3 Bf5 15. d3 Ng6 {[%cal Be7g6,Bg6h4,Bh4g2][%mdl 32]} 16. Nd2 c5 17. Ne4 Nh4 18. Kh2 d5 19. Nxf6+ (19. Nxc5 $6 Rc8 $11) 19... Qxf6 20. cxd5 ({Better is} 20. g3 $1 $14) 20... Nxg2 $1 $11 21. Kxg2 {Black must now prevent Rg1.} Qg5+ $1 22. Kh2 Qh4 $1 23. e4 $1 {[%cal Re4f5]} Bxh3 24. Rh1 $1 {Qd2 is the strong threat.} f5 $2 {[#]} (24... Rad8 $1 $11 {and Black has nothing to worry.} 25. Qxc5 Rc8) 25. exf5 $2 ({White must play} 25. Bf3 $1 $18) 25... e4 (25... Rf8 $5 {[%cal Rf8f5]} 26. Bxe5 Qxf2+ 27. Kxh3 Qxf5+ 28. Bg4 Qxe5 $18) 26. d6 {aiming for Qc4+.} ({Avoid the trap} 26. Qxc5 $2 e3 $19) 26... exd3 27. Bxd3 Bxf5+ $1 28. Kg2 Qg4+ 29. Kf1 Qf3 {[%cal Rf3h1]} 30. Qc4+ $2 {[%mdl 8192]} (30. Bc4+ $14 Kh8 31. Bxg7+ Kxg7 32. Qb2+ Kg6 33. Rg1+ Bg4 34. Rg2) 30... Re6 $19 {[%cal Rf3h1]} 31. Kg1 Qxd3 $40 {[%mdl 128] Black has strong attack.} 32. Qxd3 Bxd3 33. Rh5 Rg6+ ({Don't take} 33... Rxd6 34. Rg5) 34. Kh1 $2 (34. Kh2) 34... Bxb5 (34... Be4+ $142 35. Kh2 Rf8) 35. Rxc5 Bc6+ 36. Kh2 $2 (36. Rxc6 bxc6 37. Be5) 36... Rf8 37. Rg1 {and the idea Rxg6 leaves White hopeful.} Rxf2+ {Precision: White = 42%, Black = 59%.} 0-1

[Event "2nd Stars Cup 2017"]
[Site "Anzali"]
[Date "2017.07.17"]
[Round "6"]
[White "Van Wely, Loek"]
[Black "Mosadeghpour, Masoud"]
[Result "1/2-1/2"]
[WhiteElo "2675"]
[BlackElo "2469"]
[Annotator "TA"]
[PlyCount "152"]
[EventDate "2017.??.??"]
[EventType "schev"]
[EventCountry "IRI"]
[SourceTitle "playchess.com"]
[Source "ChessBase"]
[SourceQuality "1"]

{[%evp 22,152,4,4,13,6,8,6,52,47,51,47,44,39,138,138,138,130,218,190,237,229,226,229,243,231,553,308,318,285,285,280,402,289,303,293,270,266,265,278,231,239,318,0,338,0,0,0,0,0,0,0,0,0,0,0,0,0,61,0,0,0,0,0,0,0,0,0,0,0,0,0,0,0,0,0,0,0,0,0,0,0,0,0,0,0,0,0,0,0,0,0,0,0,0,0,0,0,0,0,0,0,31,31,31,38,45,59,1008,7,897,0,0,0,0,0,0,0,0,0,0,0,0,0,0,0,0,0,0,0,0,0,0]} 1. c4 Nf6 2. Nc3 d5 3. cxd5 Nxd5 4. g3 e5 5. Bg2 Nb6 6. Nf3 Nc6 7. d3 Be7 8. a3 a5 9. Be3 O-O 10. O-O Be6 11. Bxb6 {A29: English Opening: Four Knights Variation with 4 g3} (11. Rc1 a4 12. Bxb6 cxb6 13. Nxa4 e4 14. Ne1 Nd4 15. Nc3 Bg5 16. e3 Nb3 17. Bxe4 Nxc1 18. Qxc1 Qd7 19. d4 Qxd4 {1-0 (36) Nepomniachtchi,I (2730)-Bocharov,D (2609) Apatity 2011}) 11... cxb6 12. Nd2 {LiveBook: 3 Games} Rc8 13. Nc4 f6 {[#]} 14. e3 $146 ({Predecessor:} 14. Rc1 Rf7 15. Re1 Bf8 16. Qb3 Bc5 17. Na4 {½-½ (17) Maslak,K (2548)-Lovkov,R (2435) Peterhof 2007}) 14... Na7 15. Bxb7 Rc7 16. Bg2 Rd7 17. Qa4 Rxd3 ({Black should try} 17... Qb8 $14) 18. Rfd1 $16 Bc5 19. Be4 Rd7 (19... Rxd1+ $16 {is a better defense.} 20. Rxd1 Qe8) 20. b4 Be7 {White should prevent ...b5.} 21. Rxd7 (21. bxa5 b5 $17) 21... Bxd7 22. Qc2 axb4 23. axb4 {[%cal Ba3b4,Bb4b5][%mdl 32]} Nc6 $2 (23... Nc8 {is more resistant.} 24. Bxh7+ Kh8) 24. Bxh7+ Kh8 25. Bg6 {Intending Qd1 and mate.} Be8 26. Rd1 Qb8 (26... Bxg6 $142 27. Qxg6 Qe8 28. Qxe8 Rxe8) 27. b5 Nb4 28. Qf5 Bxg6 29. Qxg6 Qc7 30. Qg4 f5 31. Qe2 Rc8 32. Qh5+ Kg8 {[#]} 33. Qxf5 $2 ({Stronger than} 33. Nxb6 Qxb6 34. Nd5 Nxd5 $17) (33. Na4 $1 $18) 33... Qxc4 $11 34. Ne4 $1 Rd8 35. Rxd8+ Bxd8 36. Qxe5 Qd5 37. Qe8+ Kh7 38. h4 Nd3 39. f4 Qf5 (39... Nb4 $11) 40. Nd6 (40. h5 $1 $14) 40... Qg4 41. Qe4+ g6 42. Qxd3 Qxg3+ 43. Kf1 Bxh4 {[%csl Gh4][%cal Rg3f2]} 44. Ne4 Qf3+ 45. Kg1 Kh6 46. Kh2 Kh5 47. Qd5+ Kh6 48. Qe5 {[%cal Re5h8]} Kh7 49. Qe6 Kh6 50. Qe5 {[%cal Re5h8]} (50. f5 $5 Qxf5 51. Qxf5 gxf5 52. Nd6 $11) 50... Kh7 51. Ng5+ Bxg5 $1 52. fxg5 {[%mdl 4096] Endgame Strongly threatening Qc7+. KQ-KQ} Qf2+ 53. Kh3 {Hoping for Qc7+.} Qf1+ 54. Kg3 Qg1+ 55. Kf3 Qf1+ 56. Ke4 {And now Qc7+ would win.} Qc4+ 57. Qd4 Qxb5 {[%csl Gg6][%cal Rb5f5]} 58. Qd5 Qb1+ 59. Ke5 b5 60. e4 {Threatening mate with Qb7+.} Qa1+ 61. Qd4 Qa3 62. Qd7+ Kh8 63. Qc8+ Kg7 64. Qb7+ Kf8 $2 {[%mdl 8192] [#]} (64... Kg8 $14) 65. Qxb5 $2 (65. Ke6 $1 $18 {[%csl Ge6][%cal Rb7f7]} Kg8 66. Qf7+ (66. Qxb5 Qh3+ 67. Ke7 Qa3+ 68. Ke6 Qh3+ 69. Kd6 Qg3+ 70. Qe5 Qa3+ 71. Qc5 Qg3+ 72. Kc6 Qf4 $18) 66... Kh8 67. Qb7 (67. Qxg6 Qa6+ 68. Kf5 Qc8+ 69. Qe6 Qxe6+ 70. Kxe6 Kg7 $11)) 65... Qg3+ $2 {[%mdl 8192]} (65... Qe7+ $11 66. Kd4 Qd6+ 67. Qd5 Qb4+ 68. Kd3 Qa3+ 69. Kc4 Qa6+ 70. Kb4 Ke7 71. Qe5+ Qe6 72. Qc7+ Ke8) 66. Kd4 $2 (66. Ke6 $18) 66... Qg1+ {The position is equal.} 67. Kc4 Qc1+ 68. Kd5 {aiming for Qc5+.} (68. Kd4 $5 {[%cal Rb5c5]} Qg1+ 69. Kc4 Qc1+ 70. Kd5 Qxg5+ 71. e5 $11) 68... Qxg5+ 69. e5 Qd8+ 70. Kc4 Kf7 71. Qc6 g5 72. Qh6 Qc8+ 73. Kd4 {Qh7+ is the strong threat.} Qg4+ 74. Kc5 Qf5 75. Kd6 Qd3+ 76. Kc5 $1 Qc3+ {Precision: White = 64%, Black = 57%.} 1/2-1/2

[Event "2nd Stars Cup 2017"]
[Site "Anzali"]
[Date "2017.07.17"]
[Round "6"]
[White "Shirov, Alexei"]
[Black "Maghsoodloo, Parham"]
[Result "1/2-1/2"]
[WhiteElo "2656"]
[BlackElo "2584"]
[Annotator "TA"]
[PlyCount "80"]
[EventDate "2017.??.??"]
[EventType "schev"]
[EventCountry "IRI"]
[SourceTitle "playchess.com"]
[Source "ChessBase"]
[SourceQuality "1"]

{[%evp 15,80,70,66,37,41,27,42,37,43,42,35,35,38,47,39,18,29,26,26,26,30,31,31,22,23,22,28,22,28,27,33,25,54,0,59,55,46,50,64,60,60,60,75,68,78,73,57,57,89,0,42,47,33,50,298,272,172,0,0,0,0,0,0,0,0,0,0]} 1. e4 g6 2. d4 Bg7 3. Nc3 {[%cal Bb1c3,Bc3a4,Ba4c5][%mdl 32]} c6 4. f4 Qb6 5. Nf3 d5 6. e5 {B06: Modern Defence} Bg4 7. Be2 Nh6 8. Na4 (8. Nh4 Bxe2 9. Nxe2 e6 10. O-O c5 11. c3 Nc6 12. Kh1 cxd4 13. Nxd4 Nxd4 14. cxd4 {½-½ (30) Ter Sahakyan,S (2598)-Andreikin,D (2723) Minsk 2017}) 8... Qc7 {LiveBook: 8 Games} 9. Nc5 Nf5 10. c3 Nd7 $146 ({Predecessor:} 10... e6 11. O-O Bf8 12. Nd3 c5 13. Qa4+ {0-1 (25) Santos Ruiz,M (2078)-Teran Alvarez,I (2399) Seville 2013}) 11. Nxd7 {Hoping for Nc5.} Qxd7 12. Ng5 Bxe2 13. Qxe2 e6 14. g4 Ne7 {[%cal Bf5e7,Be7c8,Bc8b6][%mdl 32]} 15. O-O h6 16. Nf3 O-O-O 17. Be3 {[%cal Bc1e3,Be3f2,Bf2h4][%mdl 32]} Kb8 18. Bf2 Nc8 19. Bh4 Rdg8 20. a4 Ka8 21. Kg2 Rh7 22. h3 Bf8 23. b4 Nb6 24. Nd2 (24. a5 $14 Nc4 25. Bf6) 24... h5 (24... g5 $11 25. a5 gxh4) 25. Bf6 $14 hxg4 26. hxg4 Be7 27. a5 Nc4 28. Nxc4 dxc4 29. Rh1 $1 {[%cal Rh1h7]} ({Wrong is} 29. Qxc4 $2 Bxf6 30. Rh1 Bh4 $19) 29... Rxh1 $1 30. Rxh1 Bxf6 31. exf6 {[%mdl 4096] Endgame KQR-KQR} g5 32. Qe5 (32. Rh7 $16) 32... gxf4 (32... c5 $5 33. Qxc5 Qa4 34. Qxg5 Qc2+ 35. Kg1 Qc1+ 36. Kg2 Qd2+ 37. Kf1 Qd3+ 38. Kg2 Qe2+ 39. Kg1 Qe3+ 40. Kg2 Qd2+ 41. Kf1 Rd8 $11) 33. Kf3 $40 {[%mdl 128] [#] White has some attack.} c5 $1 {[%mdl 512]} 34. bxc5 {Rh7 is the strong threat.} Qa4 $2 {[#]} (34... a6 $1 $14) 35. a6 $1 $18 {[%cal Ra6b7] Threatens to win with axb7+.} Qxa6 {[#]} 36. Kxf4 $2 ({White has to play} 36. g5 $1 $18) 36... Qa2 $11 {( -> ...Qf2+). The position is equal.} 37. Qe3 {[#]} Rxg4+ $1 {[%mdl 512]} 38. Kxg4 {[%cal Rh1h8]} Qg2+ 39. Qg3 {[%cal Rh1h8]} Qxh1 40. Qc7 {[%cal Rc7d8]} Qg2+ {Precision: White = 65%, Black = 61%.} 1/2-1/2